| 000 | 01229cam a22003617a 4500 | ||
|---|---|---|---|
| 003 | CHAP | ||
| 005 | 20220329135224.0 | ||
| 008 | 971013s1977 r 00010 d | ||
| 010 | _a32861 | ||
| 011 | _a33833 | ||
| 035 | _a37949 | ||
| 040 | _cCHAP | ||
| 090 | _aFolleto 6661 | ||
| 100 | 0 | 0 |
_aLópez Rodríguez, Elvira. _968289 |
| 245 | 1 | 3 | _aEl parámetro cronológico |
| 260 |
_aMéxico : _bANUIES, _c1977 |
||
| 300 | _a2 v. | ||
| 490 | 0 | _aTemas básicos. Historia | |
| 590 |
_aBATCH-UPD _b10 _c20130110 _lUCH01 _h0149 |
||
| 590 |
_aBATCH-UPD _b10 _c20130110 _lUCH01 _h2250 |
||
| 590 |
_aBATCH-UPD _b10 _c20130409 _lUCH01 _h2149 |
||
| 590 |
_aBATCH-UPD _b10 _c20130410 _lUCH01 _h1543 |
||
| 590 |
_aBATCH-UPD _b10 _c20130914 _lUCH01 _h0420 |
||
| 590 |
_aCONVERSION _b10 _c20130109 _lUCH01 _h1318 |
||
| 650 | 1 | 4 |
_aHistoria _955600 |
| 710 | 0 |
_aAsociación Nacional de Universidades e Institutos de Enseñanza Superior. México. _98095 |
|
| 830 | 0 |
_aTemas básicos. Historia _9112133 |
|
| 901 | _aBK | ||
| 942 | _cFOLL | ||
| 949 |
_aFolleto 6661 _bBC _cFOLL _d-86935 _eTS1 _i37949 _si _t75.00 |
||
| 949 |
_aFolleto 6661 _bBC _cFOLL _d-86936 _eTS2 _fc.2 _i37949 _si _t75.00 |
||
| 949 |
_aFolleto 6661 _bBC _cFOLL _d-86937 _eTS2 _fc.3 _i37949 _si _t75.00 |
||
| 999 |
_c32861 _d32861 |
||